000 00886nam a22002897i 4500
003 DO-SdBNP
005 20260306131158.0
007 ta
008 250528b2024 |||||||| |||| 00| 0 spa d
020 _a9789945637397
040 _aDO-SdBNP
_bspa
_cBNPHU
_erda
041 _hspa
082 _axxx
_bR114m
_222
100 1 _aRabelo Cartagena, José A.
_eautor
_987322
242 _a
245 1 0 _aLos mundos de Lonstal :
_bla isla imposible /
_cJosé Rabelo ; ilustrador Mariel Mercado
264 _aSan Juan, Puerto Rico:
_bIsla Negra,
_c2024.
300 _a237 páginas :
_bIlustraciones ;
_c22 cm
336 _ardacontent
_btexto
_2txt
337 _ardamedia
_bsin mediación
_2n
338 _ardacarrier
_bvolumen
_2nc
490 _aLos cuadernos de Marcela
590 _aInventariado, 2025/DG
700 _aMercado, Mariel
_eilustrador
_987893
910 _aDG
942 _2ddc
_cLBS1
999 _c58592
_d58592